NFL CB - Statistics

General Stats
  • This quiz has been taken 10 times
  • The average score is 4 of 32
Answer Stats
Hint Answer % Correct
Vikings Patrick Peterson
44%
Broncos Patrick Surtain
44%
Cowboys Trevon Diggs
44%
Rams Jalen Ramsey
33%
Jets Sauce Gardner
33%
Lions Jeff Okudah
22%
Colts Stephon Gilmore
22%
Falcons AJ Terrell
11%
Cardinals Byron Murphy
11%
Titans Caleb Farley
11%
Bucs Carlton Davis
11%
Eagles Darius Slay
11%
Browns Denzel Ward
11%
Texans Derek Stingley
11%
Panthers Jaycee Horn
11%
Bears Jaylon Johnson
11%
Chargers JC Jackson
11%
Ravens Marlon Humphrey
11%
Saints Marshon Lattimore
11%
Seahawks Sidney Jones
11%
Bills Tre'Davious White
11%
Chiefs Trent McDuffie
11%
Dolphins Xavien Howard
11%
Giants Adoree Jackson
0%
Bengals Eli Apple
0%
49ers Emmanuel Moseley
0%
Patriots Jalen Mills
0%
Packers Jarie Alexander
0%
Commanders Kendall Fuller
0%
Steelers Levi Wallace
0%
Raiders Rock Ya-Sin
0%
Jaguars Shaq Griffin
0%
No matching quizzes found
Score Distribution
Percent of People with Each Score
Percentile by Number Answered
Your Score History
You have not taken this quiz